Statistics for Hound Dog by Elvis Presley - Lyrics

Click here to take the quiz!

General Stats

  • This quiz has been taken 945 times
    (345 since last reset)
  • The average score is 9 of 12

Answer Stats

Hound Dog by Elvis Presley% Correct
You ain't nothin' but a {hound} {dog}
100%
Cryin' all {the} {time}
93%
You ain't nothin' but a {hound} {dog}
93%
{Cryin'} all the time
92%
And you ain't no {friend} {of} {mine}
81%
Well that was just a {lie}
77%
Well that was just a {lie}
73%
Well, you ain't never {caught} {a} {rabbit}
70%
And you ain't no {friend} {of} {mine}
62%
Yeah, you ain't {never} {caught} {a} {rabbit}
53%
When they said you was {high-classed}
34%
Yeah, they said you was {high-classed}
33%

Score Distribution

Percentile by Number Answered

Percent of People with Each Score

Your Score History

You have not taken this quiz since the last reset